Normal view MARC view

Entry Personal Name

Number of records used in: 2

001 - CONTROL NUMBER

  • control field: 89238

003 - CONTROL NUMBER IDENTIFIER

  • control field: dpl

005 - DATE AND TIME OF LATEST TRANSACTION

  • control field: 20260529151847.0

008 - FIXED-LENGTH DATA ELEMENTS

  • fixed length control field: 260529|| aca||aabn | a|a d

040 ## - CATALOGING SOURCE

  • Original cataloging agency: dpl
  • Transcribing agency: dpl

100 ## - HEADING--PERSONAL NAME

  • Personal name: Archana R SIngh

670 ## - SOURCE DATA FOUND

  • Source citation: Work cat.: (dpl)216407: Archana R SIngh, The Rewrite Circle/ , 2026

© Delhi Public Library
Hit Counter
free hit counter